Matrimoni gay : dieci storie di famiglie omosessuali /
I tiakina i:
| Kaituhi matua: | |
|---|---|
| Hōputu: | Pukapuka |
| Reo: | Itāriana |
| I whakaputaina: |
Torino :
Einaudi,
[2006]
|
| Rangatū: | ET ;
1383 |
| Ngā marau: | |
| Ngā Tūtohu: |
Kāore He Tūtohu, Me noho koe te mea tuatahi ki te tūtohu i tēnei pūkete!
|
MARC
| LEADER | 00000nam a22000007i 4500 | ||
|---|---|---|---|
| 001 | IT\ICCU\LO1\1044543 | ||
| 003 | ItRI | ||
| 005 | 20260204230959.0 | ||
| 008 | 060307s2006 it |||||| ||||| |||||c | ||
| 020 | |a 8806182501 | ||
| 040 | |b ita |c GP | ||
| 041 | 7 | |a ita |2 ISO-639-2 | |
| 100 | 1 | |a Paterlini, Piergiorgio |0 IT\ICCU\CFIV\048288 |4 aut | |
| 245 | 1 | 0 | |a Matrimoni gay : |b dieci storie di famiglie omosessuali / |c Piergiorgio Paterlini. |
| 260 | |a Torino : |b Einaudi, |c [2006] | ||
| 300 | |a IX, 181 p. ; |c 20 cm | ||
| 500 | |a Pubblicato precedentemente con il titolo: Matrimoni; presenta anche una nuova postfazione. | ||
| 650 | 7 | |a Famiglia | |
| 650 | 7 | |a Omosessualità |x Diari e memorie |2 scbi | |
| 650 | 7 | |a Matrimonio degli omosessuali |2 scbi | |
| 830 | 0 | |a ET ; |v 1383 |0 IT\ICCU\CFI\0626608 | |
| 942 | |2 ddc |c BK | ||
| 952 | |0 0 |1 4 |2 ddc |4 0 |6 306_738000000000000_PET_MAT |7 0 |9 73 |a GE |b GE |d 2013-10-19 |l 0 |o 306.738 PET MAT |p 1251 |r 2023-11-04 21:26:33 |w 2023-11-04 |y BK | ||
| 952 | |0 0 |1 0 |2 ddc |4 1 |7 1 |9 204 |a RI |b RI |d 2023-11-13 |l 0 |p 1167 |r 2023-11-13 22:58:00 |w 2023-11-13 |x Donato da Alessio Gilberto e Loredana Di Giangiacomo |y BK | ||
| 952 | |0 0 |1 0 |2 ddc |4 0 |6 306_766000000000000_PAT |7 1 |9 1206 |a RM |b RM |d 2024-04-10 |l 0 |o 306.766 PAT |p 767 |r 2024-04-10 18:01:02 |w 2024-04-10 |y BK | ||
| 952 | |0 0 |1 0 |2 ddc |4 0 |6 306_738000000000000_PET_MAT |7 1 |9 4058 |a AO |b AO |d 2025-04-29 |l 0 |o 306.738 PET MAT |p 11243 |r 2025-04-29 11:43:20 |w 2025-04-29 |x Di proprietà di Giulio Gasperini |y BK | ||
| 952 | |0 0 |1 0 |4 0 |6 DOC_306_738000000000000_PAT |7 0 |9 14884 |a BO |b BO |d 2026-01-15 |i 9837 |l 0 |o DOC 306.738 PAT |p BO9837 |r 2026-01-15 23:18:55 |w 2026-01-15 |x [Sebina 5] [1 v.] |y BK |z 1 v. | ||
| 999 | |c 1111 |d 1111 | ||